000 00541nam a22001817a 4500
008 150608b xxu||||| |||| 00| 0 eng d
020 _a0618310592
041 0 _aeng
080 _a339.138
100 1 _aJeannet, Jean-Pierre.
245 1 0 _aGlobal marketing strategies /
_cJean-Pierre Jeannet, H. David Hennessey.
250 _a6th ed.
260 _aBoston, Mass. :
_bHoughton Mifflin,
_cc2004.
300 _a613 f. :
_bme il. ;
_c24 cm.
650 0 _aMarketingu i eksportit
_xMenaxhment
700 1 _aHennessey, Hubert D.
942 _2udc
_cBK
999 _c1000
_d1000